[Event "Imperia op-A 36th"]
[Site "Imperia"]
[Date "1994.09.08"]
[Round "6.30"]
[White "Molineus, Stefan"]
[Black "Ficara, Gianfranco"]
[Result "1-0"]
[WhiteElo "2200"]
[BlackElo "1900"]
[PlyCount "80"]
[EventDate "1994.09.03"]
[EventType "swiss"]
[EventRounds "9"]
[EventCountry "ITA"]
[SourceTitle "EXT 2024"]
[Source "ChessBase"]
[SourceDate "2023.10.10"]
[SourceVersion "1"]
[SourceVersionDate "2023.10.10"]
[SourceQuality "1"]

1. d4 Nf6 2. Bg5 g6 3. Bxf6 exf6 4. e3 Bg7 5. Nd2 d6 6. g3 0-0 7. Bg2 Re8 8. Ne2 f5 9. c3 Nd7 10. 0-0 Nf6 11. Rc1 Qe7 12. Re1 Ne4 13. Nf4 c6 14. Nf1 Qc7 15. a3 Bd7 16. Qc2 Re7 17. c4 Rae8 18. b4 Qb8 19. a4 a6 20. c5 b6 21. Rb1 dxc5 22. bxc5 b5 23. axb5 axb5 24. Ra1 g5 25. Nd3 Qc7 26. Ra3 f4 27. f3 Nxg3 28. hxg3 Bf5 29. Qc3 Bxd3 30. Qxd3 fxe3 31. Rxe3 Rxe3 32. Nxe3 Qxg3 33. Ra1 Qf4 34. Nf5 Rd8 35. Rd1 Bf6 36. Qe4 h5 37. Qxf4 gxf4 38. Kf2 Kh7 39. Nd6 Rd7 40. Bh3 Ra7 1-0

[Event "Imperia op-A 36th"]
[Site "Imperia"]
[Date "1994.09.03"]
[Round "1.38"]
[White "Ficara, Gianfranco"]
[Black "Astengo, Corrado"]
[Result "1-0"]
[WhiteElo "1900"]
[BlackElo "2130"]
[PlyCount "63"]
[EventDate "1994.09.03"]
[EventType "swiss"]
[EventRounds "9"]
[EventCountry "ITA"]
[SourceTitle "EXT 2024"]
[Source "ChessBase"]
[SourceDate "2023.10.10"]
[SourceVersion "1"]
[SourceVersionDate "2023.10.10"]
[SourceQuality "1"]

1. e4 c5 2. Nc3 Nc6 3. g3 g6 4. Bg2 Bg7 5. d3 d6 6. f4 e6 7. Nf3 Nge7 8. 0-0 0-0 9. g4 f5 10. gxf5 exf5 11. Ne2 Rb8 12. a4 Bd7 13. c3 a6 14. Be3 b5 15. axb5 axb5 16. e5 dxe5 17. Bxc5 exf4 18. Qb3+ Kh8 19. Ng5 Ne5 20. Nxf4 N7c6 21. Nge6 Bxe6 22. Nxe6 Qxd3 23. Nxf8 Bxf8 24. Bxf8 Rxf8 25. Qe6 Qe3+ 26. Kh1 Qc5 27. Rae1 Rd8 28. b4 Qxc3 29. Rxe5 Qxe5 30. Qxc6 Rd2 31. Qc5 Qe2 32. Qf8# 1-0